[Event "AUTO-OPEN-842"]
[Site "http://www.queenalice.com/game.php?id=276984"]
[Date "2007.9.25"]
[Round "1"]
[White "theblackfox"]
[Black "LuchadorStap"]
[Result "1-0"]
[WhiteElo "1723"]
[BlackElo "1401"]

1. e4 d6 2. d4 g6 3. d5 Bg7 4. Nf3 Nf6 5. Nc3 O-O 6. Bc4 e6 7. O-O Nbd7 8. Bg5
a6 9. dxe6 Ne5 10. exf7+ Nxf7 11. Nd5 Be6 12. Re1 Bh6 13. Bxf6 Qd7 14. e5 b5 15.
Bb3 a5 16. c4 a4 17. Bc2 bxc4 18. exd6 Nxd6 19. Be7 Rf7 20. Ne5 Qe8 21. Nxc7
Qxe7 22. Nxa8 Rf8 23. Bxg6 Rxa8 24. Nc6 Qc7 25. Bxh7+ Kxh7 26. Rxe6 Qxc6 27.
Rxd6 Qb5 28. Rd7+ Bg7 29. Qg4 Qxb2 30. Qe4+ Kh6 31. Qe6+ Kh7 32. Qf5+ Kg8 33.
Qf7+ Kh8 34. Re1 Rf8 35. Qh5+ Kg8 36. Qd5+ Kh8 37. Qh5+ Kg8 38. Qd5+ Kh8 39. Qc5
c3 40. Rxg7 Kxg7 41. Re7+ Rf7 42. Qe5+ Kg8 43. Re8+ Rf8 44. Qg5+ Kh7 45. Re7+
1-0

[Event "AUTO-OPEN-842"]
[Site "http://www.queenalice.com/game.php?id=276985"]
[Date "2007.9.25"]
[Round "1"]
[White "LuchadorStap"]
[Black "theblackfox"]
[Result "1-0"]
[WhiteElo "1360"]
[BlackElo "1567"]

1. d4 d5 2. Nc3 Nf6 3. Nf3 Bg4 4. Ne5 e6 5. Nxg4 Nxg4 6. e3 h5 7. h3 Nf6 8. Be2
Nc6 9. g4 hxg4 10. h4 g5 11. e4 Bb4 12. Bd2 Nxd4 13. e5 Ne4 14. Nxe4 Qe7 15.
Nf6+ Kd8 16. Nxg4 gxh4 17. c3 Nxe2 18. Qxe2 Bc5 19. Nh6 f6 20. Rxh4 Kd7 21. Qb5+
Kc8 22. Be3 Bxe3 23. fxe3 fxe5 24. Rh5 Qg7 25. Nf7 Rxh5 26. Qe8# 1-0

[Event "AUTO-OPEN-842"]
[Site "http://www.queenalice.com/game.php?id=277010"]
[Date "2007.9.25"]
[Round "1"]
[White "LuchadorStap"]
[Black "mattbel"]
[Result "0-1"]
[WhiteElo "1374"]
[BlackElo "1609"]

1. g3 e5 2. Nc3 d6 3. Nf3 Nc6 4. e3 Be6 5. d4 Qe7 6. Bb5 O-O-O 7. O-O Bh3 8. Re1
Bg4 9. Nd5 Qd7 10. e4 a6 11. Bxc6 Qxc6 12. c3 Kb8 13. Nb4 Qb5 14. a4 Qd7 15. Bg5
f6 16. Be3 Bh5 0-1

[Event "AUTO-OPEN-842"]
[Site "http://www.queenalice.com/game.php?id=277011"]
[Date "2007.9.25"]
[Round "1"]
[White "mattbel"]
[Black "LuchadorStap"]
[Result "0-1"]
[WhiteElo "1662"]
[BlackElo "1422"]

1. e4 d6 2. Nf3 g6 3. Bd3 Bg7 4. O-O Nh6 5. Na3 O-O 6. e5 dxe5 7. Rb1 f5 8. Bc4+
e6 9. b3 e4 10. Ne1 Ng4 11. d3 Nc6 12. Bf4 Qh4 13. h3 Nxf2 14. Rxf2 Bd4 15. Qd2
Bxf2+ 16. Qxf2 Qe7 17. Nb5 g5 18. Qg3 h6 19. Rd1 Bd7 20. Nxc7 Nd4 21. dxe4 b5
22. Rxd4 Qc5 23. Nxa8 Qxd4+ 24. Be3 f4 25. Bxd4 fxg3 26. Bd3 Rxa8 27. Nf3 a5 28.
Ne5 Be8 29. Ng4 h5 30. Nf6+ Kf8 31. Bc5+ Kf7 32. Nxh5 a4 33. Nxg3 Kf6 34. Bd4+
e5 35. Bc5 Bd7 36. Nh5+ Ke6 37. Be2 Bc6 38. Bg4+ Kf7 39. Bd6 Bxe4 40. Bxe5 Bxc2
41. b4 Bb1 42. a3 Re8 43. Bd4 Bg6 44. Ng7 Rd8 45. Be6+ Kf8 46. Bf6 Rd1+ 47. Kh2
Rd3 48. Bb2 Bf7 49. Bf5 Rb3 50. Bc1 Kxg7 51. Bxg5 Rxa3 52. Bc1 Rb3 53. Bd2 a3
54. Bc2 a2 55. Bxb3 a1=Q 56. Bxf7 Qb2 57. Be1 Qf6 58. Bb3 Qf4+ 59. Bg3 Qxb4 60.
Be5+ Kh6 61. Bd1 Qd2 62. Bg4 b4 63. Bf3 b3 64. Kg3 Qg5+ 65. Kh2 Qxe5+ 0-1

[Event "Challenge"]
[Site "http://www.queenalice.com/game.php?id=277957"]
[Date "2007.9.27"]
[Round "-"]
[White "mogerio"]
[Black "LuchadorStap"]
[Result "0-1"]
[WhiteElo "1450"]
[BlackElo "1396"]

1. e4 d6 2. d4 Nd7 3. Nf3 g6 4. Nc3 e5 5. Bc4 Bg7 6. dxe5 dxe5 7. Ng5 Nh6 8.
Bxf7+ Nxf7 9. Nxf7 Kxf7 10. O-O Nc5 11. Qxd8 Rxd8 12. Bg5 Rd4 13. Be3 Rc4 14.
Bxc5 Rxc5 15. Na4 Rxc2 16. Rac1 Rxc1 17. Rxc1 c6 18. Rd1 b5 19. g4 bxa4 20. b3
Bxg4 21. Rd3 axb3 22. f3 Bh3 23. axb3 a5 24. Rd7+ Bxd7 25. Kf2 c5 26. h4 a4 27.
bxa4 Rxa4 28. Kg2 c4 29. Kg3 c3 30. Kf2 c2 31. Ke1 c1=Q+ 32. Kf2 Ra2+ 33. Kg3
Qf4# 0-1

[Event "AUTO-INT-832"]
[Site "http://www.queenalice.com/game.php?id=371251"]
[Date "2008.3.14"]
[Round "1"]
[White "LuchadorStap"]
[Black "chessy66"]
[Result "0-1"]
[WhiteElo "1422"]
[BlackElo "2132"]

1. d4 d5 2. c4 Nc6 3. Nf3 Bg4 4. cxd5 Bxf3 5. exf3 Qxd5 6. Nc3 Qxd4 7. Qb3 Qb4
8. Bb5 Qxb3 9. axb3 e6 10. Bf4 Bd6 0-1

[Event "AUTO-INT-832"]
[Site "http://www.queenalice.com/game.php?id=371264"]
[Date "2008.3.14"]
[Round "1"]
[White "Myname"]
[Black "LuchadorStap"]
[Result "1-0"]
[WhiteElo "1337"]
[BlackElo "1424"]

1. e4 c5 2. Nh3 Nc6 3. Bc4 e6 4. O-O Nf6 5. d3 g6 6. f4 Bg7 7. f5 d5 8. exd5
exd5 9. Re1+ Ne7 10. Bb5+ Bd7 11. Na3 O-O 12. Bg5 Bxf5 13. Nf4 a6 14. Bxf6 Bxf6
15. Nxd5 1-0

[Event "AUTO-INT-832"]
[Site "http://www.queenalice.com/game.php?id=371265"]
[Date "2008.3.14"]
[Round "1"]
[White "LuchadorStap"]
[Black "Myname"]
[Result "0-1"]
[WhiteElo "1403"]
[BlackElo "1356"]

1. g4 e5 2. g5 Qxg5 3. d4 Qf5 4. Bh3 Bb4+ 5. c3 Qe4 6. Nf3 Na6 7. cxb4 Nxb4 8.
Nc3 Nc2+ 9. Kf1 Qg6 10. Nxe5 Qh5 11. Bg4 Qh4 12. Ne4 Nxa1 13. Bg5 Qxg5 14. Nxg5
f6 15. Ngf7 d6 0-1

[Event "AUTO-INT-832"]
[Site "http://www.queenalice.com/game.php?id=371272"]
[Date "2008.3.14"]
[Round "1"]
[White "doug_aquino"]
[Black "LuchadorStap"]
[Result "1-0"]
[WhiteElo "1527"]
[BlackElo "1371"]

1. e4 c5 2. Nf3 d6 3. d4 cxd4 4. Nxd4 Nf6 5. Nc3 a6 6. b3 Qc7 7. Bc4 b5 8. Be2
Qxc3+ 9. Bd2 Qxd4 10. O-O Nxe4 11. Be3 Qe5 12. Bf3 Nc6 13. Re1 Nc3 14. Qd2 Bb7
15. h3 e6 16. Bf4 Qc5 17. Re3 1-0

[Event "AUTO-INT-832"]
[Site "http://www.queenalice.com/game.php?id=371273"]
[Date "2008.3.14"]
[Round "1"]
[White "LuchadorStap"]
[Black "doug_aquino"]
[Result "0-1"]
[WhiteElo "1361"]
[BlackElo "1537"]

1. f4 d5 2. Nf3 Nc6 3. e3 Nf6 4. Bb5 Bd7 5. d4 g6 6. O-O Ne4 7. c4 Nf6 8. Nc3
dxc4 9. Bxc4 Bg4 10. Qb3 e6 11. Qxb7 Bg7 12. Qxc6+ Nd7 13. Nb5 Rc8 14. Nxa7 Rb8
15. Ne5 Bxe5 16. fxe5 Ke7 17. h3 Bf5 0-1

[Event "I CHALENGE U ;) *HandsShake"]
[Site "http://www.queenalice.com/game.php?id=371744"]
[Date "2008.3.15"]
[Round "-"]
[White "LuchadorStap"]
[Black "emmywilliams"]
[Result "0-1"]
[WhiteElo "1385"]
[BlackElo "1447"]

1. Nf3 e5 2. Nxe5 Qe7 3. Nf3 d5 4. g3 Bd7 5. Bg2 h5 6. O-O Nf6 7. d4 h4 8. Nbd2
hxg3 9. fxg3 Ng4 10. Nb3 g6 11. h3 Nh6 12. Bg5 f6 13. Bf4 Nf5 14. Qd2 Qh7 15.
Bxc7 g5 16. g4 Ng3 17. Rfe1 Ne4 18. Qe3 Nc6 0-1